Grab Bag IV Quiz Stats

 Plays Quiz Updated Mar 29, 2018

Score 0/42 Timer 06:00
6 Plays Today
Heading Answer % Correct
U.S. Presidents with Same Last Name*Bush
94%
US States with a Direction in the NameNorth Dakota
92.4%
US States with a Direction in the NameSouth Dakota
92.2%
US States with a Direction in the NameNorth Carolina
90.9%
US States with a Direction in the NameSouth Carolina
90.9%
US States with a Direction in the NameWest Virginia
86.3%
Acceptable Plurals of Octopus**Octopi
84.4%
U.S. Presidents with Same Last Name*Adams
81.9%
Acceptable Plurals of Octopus**Octopuses
76.4%
U.S. Presidents with Same Last Name*Roosevelt
75.5%
Permanent U.N. Security Council MembersUnited States
57.8%
One Word James Bond MoviesOctopussy
56.9%
U.S. Presidents with Same Last Name*Johnson
55.8%
Permanent U.N. Security Council MembersFrance
54.8%
Permanent U.N. Security Council MembersRussia
53.2%
One Word James Bond MoviesGoldfinger
53.1%
Permanent U.N. Security Council MembersUnited Kingdom
53.1%
Permanent U.N. Security Council MembersChina
53%
Men From '50 Ways To Leave Your Lover'Jack
47.7%
One Word James Bond MoviesSkyfall
47.5%
Reservoir Dogs CodenamesMr. Pink
43.2%
Heading Answer % Correct
Reservoir Dogs CodenamesMr. Blue
42.2%
Reservoir Dogs CodenamesMr. White
41.7%
One Word James Bond MoviesSpectre
40.9%
Bones of the Middle EarHammer
39.5%
U.S. Presidents with Same Last Name*Harrison
39.1%
Bones of the Middle EarAnvil
38.4%
Male Leads from Three Men and a BabyTom Selleck
38.2%
One Word James Bond MoviesGoldenEye
37.5%
Reservoir Dogs CodenamesMr. Orange
36.6%
Reservoir Dogs CodenamesMr. Brown
34.1%
Male Leads from Three Men and a BabyTed Danson
30.8%
Bones of the Middle EarStirrup
30.5%
Men From '50 Ways To Leave Your Lover'Stan
27.8%
One Word James Bond MoviesMoonraker
27.3%
Men From '50 Ways To Leave Your Lover'Gus
25.6%
Men From '50 Ways To Leave Your Lover'Roy
25.1%
Male Leads from Three Men and a BabySteve Guttenberg
25%
Men From '50 Ways To Leave Your Lover'Lee
22.5%
One Word James Bond MoviesThunderball
21%
Reservoir Dogs CodenamesMr. Blonde
12.7%
Acceptable Plurals of Octopus**Octopodes
4.9%

You're not logged in!

Compare scores with friends on all Sporcle quizzes.
OR
Log In

Sporcle TV

Today on Sporcle TV


Watch our educational content, quiz creation guides, and fun videos on Sporcle TV.

Show Comments

Extras

Top Quizzes Today


Score Distribution

Your Account Isn't Verified!

In order to create a playlist on Sporcle, you need to verify the email address you used during registration. Go to your Sporcle Settings to finish the process.

Report this User

Report this user for behavior that violates our Community Guidelines.

Details: